Statystyki dla Co to za piłkarz po opisie - współcześni.

Kliknij tutaj aby rozwiązać quiz!

Ogólne statystyki

  • Ten quiz został rozwiązany 464 razy
  • Średni wynik to 4 z 16

Statystyki odpowiedzi

HintOdpowiedź% Poprawnych
Przed laty złamał nogę Marcina Wasilewskiego, po pobycie w Azji z powodzeniem radzi sobie w jednym z niemieckich klubów.Axel Witsel
60%
Już teraz legenda światowej piłki, mistrz świata, bohater głośnego transferu sprzed prawie 20 lat, członek legendarnej ekipy Parmy. Obecnie w Ligue 1.Gianluigi Buffon
55%
Były bramkarz Stoke, zasłynął z bramki strzelonej Arturowi Borucowi.Asmir Begovic
49%
Czołowy stoper świata, walczak, wierny jednemu klubowi od prawie 15 lat. Posiada doktorat z ekonomii.Giorgio Chiellini
42%
Mistrz świata, czołowy pomocnik hiszpańskiego giganta.Toni Kroos
39%
Piłkarz ten może pochwalić się niesamowitą serią mistrzostw w trzech krajach. Obecnie partner z drużyny Roberta Lewandowskiego.Kingsley Coman
36%
W 2018 roku łączony długo z Liverpoolem, ale transfer ostatecznie nie doszedł do skutku. Mimo młodego wieku kapitan swojego zespołu i poza piłkarzami czołowego klubu w swojej lidze duża gwiazda na tym podwórku. Posiada algierskie obywatelstwo.Nabil Fekir
20%
W Premier League od sezonu 2013/14, wcześniej grał w kraju sąsiadującym z Polską. Defensywny pomocnik umiejący bardzo dobrze podać.Fernandinho
18%
Ne przebił się u bezrobotnego (maj 2019) obecnie trenera, wybił się we Włoszech a obecnie gwiazda jednej z najsilniejszych lig świata.Mohamed Salah
18%
Filigranowy Szkot z fantastycznym sezonem w Premier League, członek ekipy trenera, który jest ze swoim klubem od wielu lat i wprowadził ich z Ligue One do angielskiej ekstraklasy.Ryan Fraser
16%
Gwiazda swojej ligi, jej czołowy strzelec. Nie poradził sobie podczas sezonów w Primera Division i Bundeslidze. Gra w klubie ze stolicy swojego kraju.Ciro Immobile
15%
Walijski defensor z przeszłością w Swansea, może występować nie tylko na boku, ale i w środku obrony. Obecnie na ławce czołowego londyńskiego klubu.Ben Davies
14%
Kojarzony głównie z Niemcami, członek Bayernu w czasie gdy ci zdobywali tryplet. Obecnie w Ligue 1.Dante
9%
Człowiek jednego trenera, tylko u niego potrafił grać na najwyższym poziomie. Kiedy ów trener odchodził ten Argentyńczyk nie zbliżał się do topowej formy. Piłkarz Primera Division.Ever Banega
5%
Gwiazda Segunda Division sezonu 2017/18, obecnie czołowy strzelec Primera Division pomagający podmadryckiemu klubowi w najlepszym sezonie w historii.Jaime Mata
5%
Kapitalne stałe fragmenty gry, przez lata w Manchesterze City. Obecnie grający w klubie, który jest odwiecznym rywalem jego dawnego pracodawcy.Aleksandar Kolarov
2%

Rozkład punktacji

Percentyl według liczby udzielonych odpowiedzi

Procent ludzi z każdym wynikiem

Twoja historia wyników

Nie rozwiązałeś tego quizu